El tiempo que vivimos y el reparto del trabajo : la gran transformación del trabajo, la jornada laboral y el tiempo libre /

Guardado en:
Autor Principal: Jáuregui, Ramón.
Otros Autores: Egea, Francisco, 1950-, Puerta, Javier de la, 1960-
Formato: Libro
Idioma:Spanish
Publicado: Barcelona ; Buenos Aires : Paidós, 1998.
Edición:1a. ed.
Series:Paidós estado y sociedad ; 61.
Materias:
Etiquetas: Agregar Etiqueta
Sin Etiquetas, Sea el primero en etiquetar este registro!
LEADER 01017nam a22002415 4500
001 EAD.ead002349
008 080718s1998####sp#######b####000#0#spa#d
005 20100910172249.0
245 1 3 |a El tiempo que vivimos y el reparto del trabajo :  |b la gran transformación del trabajo, la jornada laboral y el tiempo libre /  |c Ramón Jáuregui, Francisco Egea, Javier de la Puerta ; [prólogo de Alain Touraine ; epílogo de André Gorz]. 
250 |a 1a. ed. 
260 |a Barcelona ; Buenos Aires :  |b Paidós,  |c 1998. 
300 |a 463 p. ;  |c 23 cm. 
490 1 |a Paidós estado y sociedad ;  |v 61 
504 |a Incluye referencias bibliográficas (p. [437]-463). 
020 |a 8449305977 
100 1 |a Jáuregui, Ramón. 
700 1 |a Egea, Francisco,  |d 1950- 
700 1 |a Puerta, Javier de la,  |d 1960- 
830 0 |a Paidós estado y sociedad ;  |v 61. 
082 0 4 |a 331.257  |2 21 
650 7 |a Trabajo.  |2 unbist 
650 7 |a Participación de los trabajadores.  |2 unbist 
859 |a AR-BaBDC  |b BIB. ADMINISTRACION - Libros  |h 331.257  |i J327  |p b04175